| 000 | 00713cam a2200253 4500 | ||
|---|---|---|---|
| 001 | J95916 | ||
| 008 | 090401t1998 xxu||||| |||| 00| 0 eng d | ||
| 035 | _a(Sirsi) u90547 | ||
| 041 | _aeng | ||
| 050 | _a333.33709421 | ||
| 110 |
_aPannell Kerr Forster _9232 |
||
| 245 | _aLondon trends 1998 : performance and prospects of the capital`s hotel industry. | ||
| 250 | _a25th ed. | ||
| 260 |
_aLondon _bPannell Kerr Forster _c1998 |
||
| 300 | _a32p. ; 30cm. | ||
| 350 | _a200 | ||
| 520 | _aReport sponsored by West Merchant. | ||
| 650 | _aHOTEL MARKET | ||
| 650 | _aHOTELS | ||
| 650 | _aLONDON | ||
| 690 | _aPROPERTY-COMMERCIAL PROPERTY-COMMERCIAL PROPERTY MARKET | ||
| 942 | _n0 | ||
| 948 | _c06/01/1999 | ||
| 999 |
_c97563 _d97563 |
||